MARKETING (Record no. 10878)

MARC details
000 -LEADER
fixed length control field 00238nam a22001217a 4500
003 - CONTROL NUMBER IDENTIFIER
control field SGT
082 ## - DEWEY DECIMAL CLASSIFICATION NUMBER
Classification number 658.8,ETZ
100 ## - MAIN ENTRY--PERSONAL NAME
Personal name ETZEL,MICHAEL J.
245 ## - TITLE STATEMENT
Title MARKETING
250 ## - EDITION STATEMENT
Edition statement 14TH
260 ## - PUBLICATION, DISTRIBUTION, ETC. (IMPRINT)
Place of publication, distribution, etc NEW DELHI
Name of publisher, distributor, etc TMH
Year of Publication 2010
942 ## - ADDED ENTRY ELEMENTS (KOHA)
Source of classification or shelving scheme Dewey Decimal Classification
Koha item type CDs & DVDs
Holdings
Withdrawn status Lost status Source of classification or shelving scheme Damaged status Not for loan Collection code Home library Current library Shelving location Date acquired Vendor Name Cost, normal purchase price SGTU Bill Number Total Checkouts Full call number Accession No. (Barcode) Date last seen Bill Date Koha item type
    Dewey Decimal Classification     COMMERCE MANAGEMENT SGT Science & Social Sciences Library SGT Science & Social Sciences Library On Display 10/02/2017 KIRTI PRKASHAN 799.00 SGTU 2365   658.8,ETZ CMCD53 10/02/2017 16/03/2013 CDs & DVDs
    Dewey Decimal Classification     COMMERCE MANAGEMENT SGT Science & Social Sciences Library SGT Science & Social Sciences Library On Display 10/02/2017 KIRTI PRKASHAN 799.00 SGTU 2365   658.8,ETZ CMCD54 10/02/2017 16/03/2013 CDs & DVDs